Najstaršia a najväčšia verejná knižnica je rajom pre milovníkov kníh

Podrobná bibliografia
Hlavný autor: Almášiová, Monika (Autor)
Médium: Článok
Jazyk:slovenčina
Fyzický popis:Fotografie
ISSN:2585-7355
Predmet:
On-line prístup:https://kosice.korzar.sme.sk/c/20771715/najstarsia-a-najvacsia-verejna-kniznica-je-rajom-pre-milovnikov-knih.html

MARC

LEADER 00000nab a2200000 4500
001 vtls011744709
003 SK-MaSNL
005 20260305013855.0
008 180305c20180302xo dr|p||| |0 b|slo
038 |a KEVKJB 
040 |a KEVKJB  |b slo  |c KEVKJB  |e rda 
041 0 |a slo 
044 |a xo  |c SK 
080 |a 027.53  |2 2011 
100 1 |a Almášiová, Monika  |4 aut  |9 1086573 
245 1 0 |a Najstaršia a najväčšia verejná knižnica je rajom pre milovníkov kníh  |c Monika Almášiová 
300 |b Fotografie 
336 |a text  |b txt  |2 rdacontent 
337 |a bez média  |b n  |2 rdamedia 
338 |a zväzok  |b nc  |2 rdacarrier 
610 2 7 |a Verejná knižnica Jána Bocatia v Košiciach  |2 kevkjb  |9 29554 
650 0 7 |a verejné knižnice  |2 kevkjb  |9 28929 
651 7 |a Košice (Slovensko)  |2 kevkjb  |9 18694 
773 0 |t Korzár  |g Roč. XXI., č. 51 (2.3.2018)  |x 2585-7355 
773 0 8 |i Príloha:  |t Pohoda  |g S. 6-7 
852 |a KEVKJB  |b KIS3GCP 
856 4 1 |u https://kosice.korzar.sme.sk/c/20771715/najstarsia-a-najvacsia-verejna-kniznica-je-rajom-pre-milovnikov-knih.html 
958 |a KL 
999 |c 3266387  |d 3268317